LDR 00562naa#a2200181#i#450# 001 EN\\bibl\126770 005 20260702024915.4 011 ## _a1681-1208 100 ## _a20260701b2026####ek#y0engy0150####ca 101 0# _aENG 102 ## _aRU 200 1# _aPreface to the Special Issue “Kamchatka Earthquake M 8.8 on July 29, 2025” _eJournal article 210 1# _aMoscow _cGeophysical Center of the Russian Academy of Sciences _d2026 215 ## _a0 с. 608 ## _aJournal article _2local 700 #1 _aGvishiani _gAlexei D. 700 #1 _aGliko _gAlexander Olegovich 856 4# _arjes.ru _u